000 004220000a22001690004500
041 0 _aENG
082 0 4 _aG 253.12 M8751w
100 1 _aMorris, Paul Judson
245 1 0 _aWinning youth for Christ / Paul Judson Morris
260 _aPA., USA : Judson
300 _a123 Pag
001 6321
942 _cBK
999 _c36594
_d36594
336 _atexto
_btxt
_2rdacontent
337 _2rdamedia
_asin mediación
_bn
338 _2rdacarrier
_avolumen
_bnc